| 000 | 00357 a2200133 4500 | ||
|---|---|---|---|
| 999 |
_c329755 _d329755 |
||
| 001 | 89949 | ||
| 003 | NUST | ||
| 005 | 20170621133014.0 | ||
| 008 | 170519b xxu||||| |||| 00| 0 eng d | ||
| 040 | _cNUST | ||
| 082 |
_a891.4393 _bSIN |
||
| 100 |
_aKhushwant Singh _91205 |
||
| 245 |
_aKhushwant Singh Kay Bemisaal Afsanay _cKhushwant Singh _hUrdu |
||
| 260 |
_aLahore _bAlhamd Publications _c2008 |
||
| 300 | _a303p. | ||
| 500 | _aGeneral Books | ||
| 546 | _aIn urdu | ||
| 650 |
_aUrdu Literature _9347 |
||
| 880 |
_aخشونت سنگھ کے بے مثال افسانے _6245-02\(3\r _cخشونت سنگھ، ترتیب و انتخاب: طاہر منصور فاروقی |
||
| 880 |
_aخشونت سنگھ _6100-01\(3\r |
||
| 880 |
_aلاہور: _6260-03\(3\r _bالحمد پبلی کیشنز، _c2008 |
||
| 942 |
_cBK _2ddc |
||